000 00664nam a2200289Ia 4500
005 20260324131816.0
008 008 260324s9999 xx 000 0 eng d
020 _a9780203955758
037 _aEBOOK
040 _aCRL
040 _beng
040 _cCRL
041 _2eng
041 _aeng
084 _qCRL
100 _aJudith Kay Nelson
_91186906
245 0 _aSeeing Through Tears
245 0 _bCrying and Attachment
260 _bTaylor and Francis
260 _c2005
365 _a
365 _b170
856 _uhttp://www.taylorfrancis.com/books/9780203955758
942 _cEBOOK
999 _c1784424
_d1784424